01156nam a2200253 i 4500001000700000003000700007005001700014008004100031020001800072080004200090080004300132100004300175245024700218246009200465260005900557300003000616504002900646600005000675655004000725700003000765710003800795710003800833852003100871185367SpMaBN20250817075549.0160525s1990 sp a c |||| |bspa d a84-404-7599-3 a76 Gutiérrez-Solana, José (064.3) a763 Gutiérrez-Solana, José (064.3)1 aGutiérrez Solana, José,d1886-194510aJosé Gutiérrez Solana b: grabador y litógrafo : [exposiciones] Centro de Escultura de Candás, Museo Antón... Real Academia de Bellas Artes de San Fernando, Calcografía Nacional, 1990-1991 / c[comisario, Luis Alonso Fernández].38aJosé Gutiérrez Solana b: grabador y litógrafo : Fundación Museo Evaristo Valle a[Gijón : bFundación Museo Evaristo Valle, c1990] a106 p. : bil. ; c33 cm. aBibliografía : p. 106.17aGutiérrez Solana, José,d1886-19452embne 72tgfbneaCatálogos de exposiciones1 aAlonso Fernández, Luis.2 aFundación Museo Evaristo Valle.2 aCalcografía Nacional (España) aES-MaACLj2330-F-12cDEPOF